| 000 | 00865na a2200289 4500 | ||
|---|---|---|---|
| 001 | 12932 | ||
| 003 | MIRAKIL | ||
| 005 | 20181213154750.0 | ||
| 008 | 160927b tu 000 0 | ||
| 020 | _a975190191 | ||
| 035 | _a12932 | ||
| 040 |
_aMilas _btur _cTR-AnCHP |
||
| 082 |
_a297.1229 _bA47n 2006 |
||
| 090 | _a297.1229 A47n 2006 | ||
| 100 | _aAkseki, A. Hamdi | ||
| 245 |
_aNamaz surelerinin Türkçe terceme ve tefsiri _cA. Hamdi Akseki |
||
| 250 | _a18. bs. | ||
| 260 |
_aAnkara _bDiyanet İşleri Başkanlığı _c2006 |
||
| 300 |
_a64 s. _c20 sm. |
||
| 490 |
_aDiyanet İşleri Başkanlığı yayınları _v22 |
||
| 490 |
_aKaynak Eserler _v4 |
||
| 650 |
_aKuran tercümesi _xSureler |
||
| 650 |
_aKuran sureleri _xTefsir |
||
| 650 |
_aİslam kaynakları _xSureler _yÇeviri |
||
| 650 |
_aİslam kaynakları _xSureler _xTefsir |
||
| 942 |
_2ddc _cBKS |
||
| 999 |
_c464 _d464 |
||